Central Library OPAC University of Rajshahi

A modern introduction to fuzzy mathematics / (Record no. 81480)

MARC details
000 -LEADER
fixed length control field 01128nam a2200337 a 4500
001 - CONTROL NUMBER
control field 81480
003 - CONTROL NUMBER IDENTIFIER
rucl marc code BD-RjUL
005 - DATE AND TIME OF LATEST TRANSACTION
control field 20230529144455.0
008 - FIXED-LENGTH DATA ELEMENTS--GENERAL INFORMATION
fixed length control field 230529s2020 nju ob 001 0 eng
020 ## - INTERNATIONAL STANDARD BOOK NUMBER
International Standard Book Number 9781119445296
Qualifying information (epub)
International Standard Book Number 9781119445302
Qualifying information (adobe pdf)
Canceled/invalid ISBN 9781119445289
Qualifying information (cloth)
035 ## - SYSTEM CONTROL NUMBER
System control number (BD-RjUL)81480
040 ## - CATALOGING SOURCE
Original cataloging agency DLC
Language of cataloging eng
Transcribing agency DLC
Description conventions rda
Modifying agency BD-RjUL
041 ## - LANGUAGE CODE
Language code of text/sound track or separate title eng
082 00 - DEWEY DECIMAL CLASSIFICATION NUMBER
Edition number 23
Classification number 511.313
Author mark and year SYM 2020
100 1# - MAIN ENTRY--PERSONAL NAME
Personal name Syropoulos, Apostolos,
Relator term author.
9 (RLIN) 7732
245 12 - TITLE STATEMENT
Title A modern introduction to fuzzy mathematics /
Statement of responsibility, etc. Apostolos Syropoulos, Theophanes Grammenos.
250 ## - EDITION STATEMENT
Edition statement First edition.
263 ## - PROJECTED PUBLICATION DATE
Projected publication date 2004
264 #1 - PRODUCTION, PUBLICATION, DISTRIBUTION, MANUFACTURE, AND COPYRIGHT NOTICE
Place of production, publication, distribution, manufacture New York :
Name of producer, publisher, distributor, manufacturer Wiley,
Date of production, publication, distribution, manufacture, or copyright notice 2020.
300 ## - PHYSICAL DESCRIPTION
Pagination 363 Pages:
Illustrations Illustrations
Size 25 cm.
336 ## - CONTENT TYPE
Content type term text
Content type code txt
Source rdacontent
337 ## - MEDIA TYPE
Media type term computer
Media type code c
Source rdamedia
338 ## - CARRIER TYPE
Carrier type term online resource
Carrier type code cr
Source rdacarrier
504 ## - BIBLIOGRAPHY, ETC. NOTE
Bibliography, etc Includes bibliographical references and index.
588 ## - SOURCE OF DESCRIPTION NOTE
Source of description note Description based on print version record and CIP data provided by publisher; resource not viewed.
650 #0 - SUBJECT ADDED ENTRY--TOPICAL TERM
Topical term or geographic name as entry element Fuzzy mathematics.
9 (RLIN) 7733
942 ## - ADDED ENTRY ELEMENTS (KOHA)
Source of classification or shelving scheme Dewey Decimal Classification
Koha item type Books
Holdings
Lost status Source of classification or shelving scheme Damaged status Not for loan Collection code Permanent Location Current Location Shelving location Date acquired Source of acquisition Cost, normal purchase price Total Checkouts Full call number Date last seen Copy number Koha item type
  Dewey Decimal Classification   Not For Loan Non-fiction Central Library, University of Rajshahi Central Library, University of Rajshahi Reading Room 18/05/2023 Dhaka : BM Book 10335.00   511.313 SYM 2020 29/05/2023 C-1 Books
  Dewey Decimal Classification     Non-fiction Central Library, University of Rajshahi Central Library, University of Rajshahi General Stacks 18/05/2023 Dhaka : BM Book 10335.00   511.313 SYM 2020 29/05/2023 C-2 Books